Normal view
MARC view
Entry Topical Term
001 - CONTROL NUMBER
- control field: 27358
003 - CONTROL NUMBER IDENTIFIER
- control field: OSt
005 - DATE AND TIME OF LATEST TRANSACTION
- control field: 20210915152526.0
008 - FIXED-LENGTH DATA ELEMENTS
- fixed length control field: 210915|| aca||aabn | a|a d
040 ## - CATALOGING SOURCE
- Original cataloging agency: OSt
- Transcribing agency: OSt
150 ## - HEADING--TOPICAL TERM
- Topical term or geographic name entry element: Equity, Justice, Inequality, Wage Level and Structure; Wage Differentials
670 ## - SOURCE DATA FOUND
- Source citation: Work cat.: (OSt)517620: Hyland, M., Djankov, S. and Goldberg, P.K. 27357, Gendered laws and women in the workforce
